Lógica de las pruebas en materia criminal /
Guardado en:
| Autor Principal: | |
|---|---|
| Formato: | Libro |
| Idioma: | Spanish |
| Publicado: |
Bogota :
Temis,
1964
|
| Etiquetas: |
Agregar Etiqueta
Sin Etiquetas, Sea el primero en etiquetar este registro!
|
| LEADER | 00451nam a22001335a 4500 | ||
|---|---|---|---|
| 001 | DER.der012796 | ||
| 005 | 20190917134236.0 | ||
| 008 | 180615s1964####ck#||||||||||||||#||spa|| | ||
| 100 | 1 | |a Framarino De Malatesta, Nicola | |
| 245 | 1 | 0 | |a Lógica de las pruebas en materia criminal / |c Nicola Framarino De Malatesta |
| 260 | |a Bogota : |b Temis, |c 1964 | ||
| 300 | |a 2 v. | ||
| 859 | |a DERECHO |b BIB. DERECHO |h 345.05 |i FRA |p 000308 | ||
| 859 | |a DERECHO |b BIB. DERECHO |h 345.05 |i FRA |p 007636 | ||
